000 00538nam a22002057a 4500
003 LK-CoDNM
005 20250131151746.0
008 250131b |||||||| |||| 00| 0 eng d
040 _aLK-CoDNM
_dLK-CoDNM
_eLK-CoDNM
041 _aeng
080 _a13
_bV24
100 _aW. Rand, Herbert
245 _aThe Chordates
260 _aLondon
_bH.K. Lewis And CO., LTD
_c1950
300 _aix, 862p . : ill ; 23 cm
650 _aStructure Of Vertebrates
650 _aMotor System
650 _aIntegrative System
942 _cBK
999 _c237750
_d237750